Capitals of 1st-level subdivisions in Serbia from north to south - Statistics

General Stats
  • This quiz has been taken 23 times
  • The average score is 20 of 25
Answer Stats
26 Latitude (DD) Answer % Correct
1 46.10 Subotica
100%
3 45.77 Sombor
93%
4 45.38 Zrenjanin
93%
8 44.81 Beograd
86%
2 45.83 Kikinda
86%
14 44.01 Kragujevac
86%
5 45.26 Novi Sad
86%
13 44.07 Bor
79%
7 44.87 Pančevo
79%
11 44.62 Požarevac
79%
9 44.76 Šabac
79%
10 44.66 Smederevo
79%
6 44.97 Sremska Mitrovica
79%
12 44.27 Valjevo
79%
17 43.89 Čačak
71%
15 43.98 Jagodina
71%
19 43.72 Kraljevo
71%
20 43.58 Kruševac
71%
24 43.00 Leskovac
71%
21 43.32 Niš
71%
23 43.16 Pirot
71%
22 43.23 Prokuplje
71%
18 43.86 Užice
71%
25 42.55 Vranje
71%
16 43.90 Zaječar
64%
No matching quizzes found
Score Distribution
Percent of People with Each Score
Percentile by Number Answered
Your Score History
You have not taken this quiz